[Event "Bayern-ch (Women) 80th"]
[Site "Immenstadt"]
[Date "2009.08.24"]
[Round "3"]
[White "Rascher, Helena"]
[Black "Braeu, Emmi"]
[Result "1/2-1/2"]
[WhiteElo "1266"]
[BlackElo "1412"]
[PlyCount "128"]
[EventDate "2009.08.22"]
[EventType "swiss"]
[EventRounds "9"]
[EventCountry "GER"]
[SourceTitle "EXT 2015"]
[Source "ChessBase"]
[SourceDate "2014.11.20"]
[SourceVersion "1"]
[SourceVersionDate "2014.11.20"]
[SourceQuality "1"]

1. e4 c5 2. Nf3 Nc6 3. d4 cxd4 4. Nxd4 g6 5. Be3 Bg7 6. f3 Nf6 7. Nc3 0-0 8. Qd2 d5 9. exd5 Nb4 10. a3 Nbxd5 11. Nxd5 Nxd5 12. 0-0-0 Nxe3 13. Qxe3 Qb6 14. Rd3 Bf5 15. Nxf5 Qxb2+ 16. Kd2 gxf5 17. Be2 Rfd8 18. Qg5 Qxa3 19. Qxf5 Qc3+ 20. Ke3 Rxd3+ 21. Bxd3 Qe5+ 22. Qxe5 Bxe5 23. f4 Bc3 24. Rd1 e6 25. g4 h6 26. Be4 Rb8 27. Rd7 a5 28. Bxb7 a4 29. Kd3 Bb2 30. Bc6 a3 31. Ra7 Rd8+ 32. Ke2 Rd4 33. Ke3 Rc4 34. Be4 Rc3+ 35. Kd2 Rh3 36. f5 Rxh2+ 37. Kd3 e5 38. f6 Rh3+ 39. Kc4 Rc3+ 40. Kd5 Rc8 41. Kd6 Kf8 42. Kd7 Re8 43. c4 Bc1 44. Ra6 Bg5 45. Rxa3 Bxf6 46. Ra8 Rxa8 47. Bxa8 Be7 48. Be4 f6 49. Bf5 Bc5 50. Kc6 Be7 51. c5 Ke8 52. Kb6 Bd8+ 53. Kb7 Ke7 54. c6 Kd6 55. Be4 Ba5 56. Ka6 Bc7 57. Kb5 Ke7 58. Kc5 Kf7 59. Kd5 Ke7 60. Kc4 Kd6 61. Kd3 Kc5 62. Ke3 Kc4 63. Bf5 Kc5 64. Be4 Kd6 1/2-1/2

[Event "Bayern-ch (Women) 80th"]
[Site "Immenstadt"]
[Date "2009.08.22"]
[Round "1"]
[White "Braeu, Emmi"]
[Black "Gremer, Kathrin"]
[Result "1/2-1/2"]
[WhiteElo "1412"]
[BlackElo "1654"]
[PlyCount "75"]
[EventDate "2009.08.22"]
[EventType "swiss"]
[EventRounds "9"]
[EventCountry "GER"]
[SourceTitle "EXT 2015"]
[Source "ChessBase"]
[SourceDate "2014.11.20"]
[SourceVersion "1"]
[SourceVersionDate "2014.11.20"]
[SourceQuality "1"]

1. Nf3 Nc6 2. c4 e5 3. g3 Nf6 4. Bg2 Bc5 5. 0-0 0-0 6. Nc3 d6 7. b3 a6 8. Bb2 Bf5 9. Nh4 Bg4 10. h3 Be6 11. e3 Qd7 12. Kh2 h6 13. Qe2 Nh7 14. f4 exf4 15. exf4 Rae8 16. Qd1 Qc8 17. Ne4 Bd4 18. Bxd4 Nxd4 19. Nf3 Nc6 20. d4 Bd7 21. Ng1 Bf5 22. Re1 Qd8 23. d5 Ne7 24. g4 Bxe4 25. Bxe4 Nf6 26. Qc2 Nxe4 27. Rxe4 Ng6 28. f5 Ne5 29. Rae1 Nd7 30. Nf3 Nc5 31. R4e2 Rxe2+ 32. Qxe2 Nd7 33. Qe7 Qxe7 34. Rxe7 Rd8 35. g5 Kf8 36. Re2 hxg5 37. Nxg5 Ne5 38. Kg3 1/2-1/2